000 00569nmm a2200193Ia 4500
008 251105s9999||||xx |||||||||||||||||und||
020 _a9788416465293
041 _aspa
100 _aErdrich, Louise
245 0 _aEl descapotable rojo :
_b y otras historias
264 _a[Madrid, España] :
_bSiruela,
_c2016
300 _a524 páginas
490 _aNuevos tiempos
650 _aNorth American narrative
700 _aErdrich, Louise
700 1 _a de la Higuera Glynne-Jones, Susana
856 _uhttps://public.digitaliapublishing.com/a/44771
942 _cCF
999 _c65084
_d65084